| 000 -LEADER |
| fixed length control field |
01676nam a2200313 a 4500 |
| 001 - CONTROL NUMBER |
| control field |
ASIN0241145392 |
| 005 - DATE AND TIME OF LATEST TRANSACTION |
| control field |
20170105102932.0 |
| 008 - FIXED-LENGTH DATA ELEMENTS--GENERAL INFORMATION |
| fixed length control field |
150313s2011 xxu eng d |
| 020 ## - INTERNATIONAL STANDARD BOOK NUMBER |
| International Standard Book Number |
0241145392 (paperback) |
| 020 ## - INTERNATIONAL STANDARD BOOK NUMBER |
| International Standard Book Number |
9780241145395 (paperback) |
| 040 ## - CATALOGING SOURCE |
| Original cataloging agency |
0 |
| 050 04 - LIBRARY OF CONGRESS CALL NUMBER |
| Classification number |
E183.7 |
| 082 04 - DEWEY DECIMAL CLASSIFICATION NUMBER |
| Classification number |
320 |
| Author Mark |
CHO 2011 |
| 100 1# - MAIN ENTRY--PERSONAL NAME |
| Personal name |
Chomsky, Noam. |
| 245 10 - TITLE STATEMENT |
| Title |
How the world works / |
| Statement of responsibility, etc. |
Noam Chomsky. |
| 260 ## - PUBLICATION, DISTRIBUTION, ETC. |
| Place of publication, distribution, etc. |
[S.l.] : |
| Name of publisher, distributor, etc. |
Hamish Hamilton, |
| Date of publication, distribution, etc. |
2011. |
| 300 ## - PHYSICAL DESCRIPTION |
| Extent |
335 p. ; |
| Dimensions |
22 cm. |
| 520 ## - SUMMARY, ETC. |
| Summary, etc. |
WITH EXCEPTIONAL CLARITY AND POWER OF ARGUMENT, NOAM CHOMSKY LAYS BARE AS NO ONE ELSE CAN THE REALITIES OF CONTEMPORARY GEOPOLITICS. DIVIDED INTO FOUR SECTIONS, ORIGINALLY PUBLISHED IN THE US ONLY AS INDIVIDUAL SHORT BOOKS, COLLECTIVELY SELLING OVER HALF A MILLION COPIES, HOW THE WORLD WORKS COVERS: WHAT UNCLE SAM REALLY WANTS (THE CIPS GOALS OF US FOREIGN POLICY; THE DEVASTATION CAUSED ABROAD; THE BRAINWASHING AT HOME); THE PROSPEROUS FEW AND THE RESTLESS MANY (THE NEW GLOBAL ECONOMY; FOOD AND THIRD WORLD ECONOMIC MIRACLES ; THE ROOTS OF RACISM); SECRETS, LIES AND DEMOCRACY ( THE US, THE CIA, RELIGIOUS FUNDAMENTALISM; GLOBAL INEQUALITY; THE COMING ECO-CATASTROPHE); THE COMMON GOOD (EQUALITY, FREEDOM, THE MEDIA; THE MYTH OF THIRD WORLD DEBT; MANUFACTURING DISSENT). |
| 650 #0 - SUBJECT ADDED ENTRY--TOPICAL TERM |
| Topical term or geographic name entry element |
Geopolitics |
| 650 #0 - SUBJECT ADDED ENTRY--TOPICAL TERM |
| Topical term or geographic name entry element |
International economic relations |
| 650 #0 - SUBJECT ADDED ENTRY--TOPICAL TERM |
| Topical term or geographic name entry element |
International relations |
| 650 #0 - SUBJECT ADDED ENTRY--TOPICAL TERM |
| Topical term or geographic name entry element |
Political and social views |
| 650 #0 - SUBJECT ADDED ENTRY--TOPICAL TERM |
| Topical term or geographic name entry element |
Political science |
| 650 #0 - SUBJECT ADDED ENTRY--TOPICAL TERM |
| Topical term or geographic name entry element |
Social policy |
| 650 #0 - SUBJECT ADDED ENTRY--TOPICAL TERM |
| Topical term or geographic name entry element |
United States |
| 650 #0 - SUBJECT ADDED ENTRY--TOPICAL TERM |
| Topical term or geographic name entry element |
World politics |
| 856 40 - ELECTRONIC LOCATION AND ACCESS |
| Materials specified |
Amazon.com |
| Uniform Resource Identifier |
<a href="http://www.amazon.com/exec/obidos/ASIN/0241145392/chopaconline-20">http://www.amazon.com/exec/obidos/ASIN/0241145392/chopaconline-20</a> |
| 942 ## - ADDED ENTRY ELEMENTS (KOHA) |
| Source of classification or shelving scheme |
|
| Koha item type |
Book |